| 000 | 00908 a2200169 4500 | ||
|---|---|---|---|
| 003 | Nust | ||
| 005 | 20230301161151.0 | ||
| 040 | _cNust | ||
| 082 | _a327.73,DYE | ||
| 100 |
_aDyer, Murray _9109698 |
||
| 245 |
_aThe weapon on the wall; _brethinking psychological warfare / _cMurray Dyer |
||
| 260 |
_aBaltimore _bJohns Hopkins Press _c1959 |
||
| 300 | _a269 p. | ||
| 505 | _aThe Role Of The Weapon (Page-1), The Nature Of Political Communication: The Premises (Page-22), The Nature Of Political Communication: The Operating Principles (Page-68), Wartime Difficulties And Problems (Page-98), An Instrument Of The Cold War (Page-117), The Tools And Requirement Of The Instrument (Page-140), The Requirements If The US Is To Develop The Instrument Effectively (Page-164), The Problems To Be Overcome (Page-194), Forging The Instrument (Page-223). | ||
| 650 |
_aPsychological warfare. _937044 |
||
| 942 |
_2ddc _cBK |
||
| 999 |
_c184274 _d184274 |
||